<?xml version="1.0" encoding="UTF-8"?>
<record
    xmlns:xsi="http://www.w3.org/2001/XMLSchema-instance"
    xsi:schemaLocation="http://www.loc.gov/MARC21/slim http://www.loc.gov/standards/marcxml/schema/MARC21slim.xsd"
    xmlns="http://www.loc.gov/MARC21/slim">

  <leader>00905nam a2200265 a 4500</leader>
  <controlfield tag="001">BRL_1310</controlfield>
  <controlfield tag="005">20190320211136.0</controlfield>
  <controlfield tag="008">060114s1953----fr-ob#####---#000-0#fre-#</controlfield>
  <datafield tag="041" ind1=" " ind2=" ">
    <subfield code="a">fre</subfield>
  </datafield>
  <datafield tag="044" ind1=" " ind2=" ">
    <subfield code="a">fr</subfield>
  </datafield>
  <datafield tag="050" ind1=" " ind2="4">
    <subfield code="a">F3451.A5</subfield>
    <subfield code="b">.F43 1953</subfield>
  </datafield>
  <datafield tag="100" ind1="1" ind2=" ">
    <subfield code="a">Febvre, Jean-Louis</subfield>
    <subfield code="9">26463</subfield>
  </datafield>
  <datafield tag="245" ind1="1" ind2="0">
    <subfield code="a">Cr&#xE9;puscule Inka</subfield>
    <subfield code="b">pr&#xE9;sente des photographies de Jean-Louis Febvre, Jehan Vellard, Daniel Vilfroy</subfield>
    <subfield code="c">texte de Jean-Louis Febvre ; pr&#xE9;face de L. Baudin.</subfield>
  </datafield>
  <datafield tag="260" ind1=" " ind2=" ">
    <subfield code="a">Par&#xED;s</subfield>
    <subfield code="b">Del Duca</subfield>
    <subfield code="c">[1953]</subfield>
  </datafield>
  <datafield tag="300" ind1=" " ind2=" ">
    <subfield code="a">v.</subfield>
    <subfield code="b">il. (algunas a color), mapas</subfield>
    <subfield code="c">27 cm.</subfield>
  </datafield>
  <datafield tag="440" ind1=" " ind2="0">
    <subfield code="a">Mondes et visages</subfield>
    <subfield code="v">2</subfield>
    <subfield code="9">26464</subfield>
  </datafield>
  <datafield tag="500" ind1=" " ind2=" ">
    <subfield code="a">Estado f&#xED;sico : camisa rota</subfield>
  </datafield>
  <datafield tag="500" ind1=" " ind2=" ">
    <subfield code="a">Au1535</subfield>
  </datafield>
  <datafield tag="650" ind1="1" ind2="4">
    <subfield code="a">Incas</subfield>
    <subfield code="v">Obras pict&#xF3;ricas</subfield>
    <subfield code="9">26465</subfield>
  </datafield>
  <datafield tag="650" ind1="1" ind2="4">
    <subfield code="a">Ind&#xED;genas de Am&#xE9;rica del Sur</subfield>
    <subfield code="v">Obras pict&#xF3;ricas</subfield>
    <subfield code="z">Andes</subfield>
    <subfield code="9">26466</subfield>
  </datafield>
  <datafield tag="651" ind1=" " ind2="4">
    <subfield code="a">Andes</subfield>
    <subfield code="v">Obras pict&#xF3;ricas</subfield>
    <subfield code="9">26467</subfield>
  </datafield>
  <datafield tag="700" ind1="1" ind2=" ">
    <subfield code="a">Baudin, L.</subfield>
    <subfield code="9">26468</subfield>
  </datafield>
  <datafield tag="902" ind1=" " ind2=" ">
    <subfield code="a">GRL</subfield>
  </datafield>
  <datafield tag="942" ind1=" " ind2=" ">
    <subfield code="2">lcc</subfield>
    <subfield code="c">B</subfield>
  </datafield>
  <datafield tag="999" ind1=" " ind2=" ">
    <subfield code="c">10122</subfield>
    <subfield code="d">10122</subfield>
  </datafield>
  <datafield tag="952" ind1=" " ind2=" ">
    <subfield code="0">0</subfield>
    <subfield code="1">0</subfield>
    <subfield code="4">0</subfield>
    <subfield code="7">0</subfield>
    <subfield code="a">BRL</subfield>
    <subfield code="b">BRL</subfield>
    <subfield code="d">2014-01-06</subfield>
    <subfield code="i">Au1535</subfield>
    <subfield code="l">0</subfield>
    <subfield code="o">F3451.A5 .F43 1953 (Au1535)</subfield>
    <subfield code="p">GRL01471</subfield>
    <subfield code="r">2019-03-22 00:00:00</subfield>
    <subfield code="w">2019-03-22</subfield>
    <subfield code="y">B</subfield>
  </datafield>
</record>
